| 000 | 00729cam a22002411 4500 | ||
|---|---|---|---|
| 001 | ne 68002370 | ||
| 003 | DLC | ||
| 005 | 20260227111843.0 | ||
| 008 | 811109s1966 ua b 000 0 egyr | ||
| 010 | _ane 68002370 | ||
| 025 | _aPL480:UAR-8779 | ||
| 035 | _a(OCoLC)7917898 | ||
| 040 |
_aDLC _cMnM _dDLC |
||
| 042 | _apremarc | ||
| 050 | 0 | 0 |
_aPJ7832.I2 _bZ69 |
| 100 | 1 | _aḤusayn, ʻAli Ṣāfī. | |
| 245 | 1 | 0 |
_aIbn al-Kīzānī al-shāʻir al-ṣūfī. _cʻAlī Ṣāfī Ḥusayn. |
| 260 |
_a[Cairo] _bDār al-Maʻārif _c[1966] |
||
| 300 |
_a143 p. _c24 cm. |
||
| 440 | 0 |
_aMaktabat al-dirāsāt al-adabīyah, _v39 |
|
| 504 | _aBibliography: p. 138-139. | ||
| 600 | 2 | 0 |
_aIbn al-Kīzānī, Muḥammad ibn Ibrāhīm, _d-1166. |
| 999 |
_c50506 _d50506 |
||